000 00947cam a22002897a 4500
003 CHAP
005 20220329133207.0
008 971013s1989 r 00010 d
010 _a3214
011 _a4186
035 _a3388
040 _cCHAP
090 _aFolleto 13530
110 _aSociedad Mexicana de Historia de la Ciencia y de la Tecnología, A. C.
_9108091
245 0 _a·Qué es la Sociedad Mexicana de Historia de la Ciencia y de la Tecnología, A. C.?
260 _aMéxico, D. F. :
_bLa Sociedad,
_c1989
300 _a19 p
590 _aBATCH-UPD
_b10
_c20130110
_lUCH01
_h1742
590 _aBATCH-UPD
_b10
_c20130410
_lUCH01
_h1121
590 _aBATCH-UPD
_b10
_c20130914
_lUCH01
_h0935
590 _aCONVERSION
_b10
_c20130109
_lUCH01
_h1303
650 1 4 _aCiencia
_xSociedades.
_923136
650 1 4 _aTecnología
_xSociedades.
_9111957
901 _aBK
942 _cFOLL
949 _aFolleto 13530
_bBC
_cFOLL
_d-12904
_eTS1
_i3388
_mD
_si
999 _c3214
_d3214